| 000 | 00469pab a2200169 454500 | ||
|---|---|---|---|
| 008 | 180718b1998 xxu||||| |||| 00| 0 eng d | ||
| 100 | _aJyothi Rani, T. | ||
| 245 | _aImpact and evaluation of cotton-silk handloom weaver's cooperative societies - a study in rural areas | ||
| 260 | _c1998 | ||
| 300 | _ap.36-39 | ||
| 362 | _aFeb | ||
| 650 | _aTextile industry | ||
| 650 | _aCooperatives | ||
| 700 | _aPrema Kumari, C.H. | ||
| 773 | _aKurukshetra | ||
| 909 | _a36848 | ||
| 999 |
_c36848 _d36848 |
||